[Event "Bundesliga 0001"]
[Site "Germany"]
[Date "2001.03.10"]
[Round "10.1"]
[White "Lutz, Christopher"]
[Black "Ftacnik, Lubomir"]
[Result "1-0"]
[WhiteElo "2595"]
[BlackElo "2608"]
[Annotator "Ftacnik,L"]
[PlyCount "69"]
[EventDate "2000.10.14"]
[EventType "team-tourn"]
[EventRounds "15"]
[EventCountry "GER"]
[SourceTitle "CBM 082"]
[Source "ChessBase"]
[SourceDate "2001.05.17"]
[SourceVersion "1"]
[SourceVersionDate "2001.05.17"]
[SourceQuality "1"]
[WhiteTeam "Porz"]
[BlackTeam "Hamburger SK"]
[WhiteTeamCountry "GER"]
[BlackTeamCountry "GER"]

{[%mdl 1]} 1. e4 {Atlas,V} c5 2. Nf3 d6 3. d4 cxd4 4. Nxd4 Nf6 5. Nc3 a6 6. Be3
e5 7. Nb3 Be6 8. f3 h5 9. Qd2 Nbd7 10. O-O-O Rc8 11. Kb1 Be7 12. Bd3 b5 (12...
Nc5 $5 13. Nxc5 (13. Be2 Nxb3 14. cxb3 b5 15. h4 O-O 16. Bg5 b4 17. Na4 a5 18.
Qe3 Rb8 19. g3 Nh7 20. Bxe7 Qxe7 21. g4 Nf6 22. Rhg1 hxg4 23. fxg4 d5 {0-1
Tiviakov,S-Gallagher,J/Batumi/1999/ (56)}) 13... dxc5 14. Qe2 Qa5 15. Nd5 Nxd5
16. exd5 Bxd5 17. c4 Be6 18. Bd2 Qc7 19. Bc3 Bf6 20. Bc2 Ke7 21. g4 g6 {
0-1 Shabalov,A-Zhang Zhong/Seattle 2001/ (45)}) 13. h3 h4 (13... O-O 14. g4 h4
15. g5 Nh5 16. Rhg1 $14) 14. f4 Qc7 (14... g6 15. Rhf1 Qc7 16. Qf2 $14) 15.
Rhe1 {Due to the uncertain structure on the kingside black has problems to
remove the king from the center.} Nb6 (15... exf4 16. Bxf4 Ne5 17. Nd4 g6 18.
Rf1 $14) 16. Bxb6 Qxb6 17. Nd5 $1 Qd8 (17... Nxd5 18. exd5 Bxd5 19. fxe5 Bxb3
20. axb3 dxe5 21. Rxe5 Kf8 22. Bxb5 $1 Bf6 (22... axb5 23. Rxe7 Qc5 (23... Kxe7
24. Qd7+ Kf6 25. Rd6+ $16) 24. Rd7 $16) 23. Bd7 Bxe5 24. Bxc8 $16) (17... Bxd5
18. exd5 Rh5 19. Na5 (19. Be2 Rf5) 19... exf4 (19... Nxd5 20. Be2 Rh6 21. Bg4
Rd8 22. Qxd5 Qxa5 23. fxe5 $16) (19... Kf8 20. Be2 Rf5 21. fxe5 Rxe5 22. Bf3
$16) 20. Nc6 Nxd5 21. Qe2 f3 (21... Qxc6 22. Qxh5 g6 23. Bxg6 fxg6 24. Qxg6+
Kf8 25. Rd4 $18) 22. Qxf3 Rg5 23. Qxd5 Rxd5 24. Nxe7 Re5 25. Nxc8 Qc5 26. Rxe5+
dxe5 27. Nd6+ $16) 18. c3 $1 O-O (18... Nxd5 19. exd5 Bxd5 20. Bxb5+ axb5 21.
Qxd5 $16) 19. Bc2 Re8 $2 {[%mdl 32] The decisive mistake, as black is
misjudging the strategical complications of the solution in the center.} (19...
Nh5 $1 20. Nxe7+ (20. fxe5 dxe5 21. Qf2 Bd6 $11) (20. f5 Bxd5 21. Qxd5 Qb6)
20... Qxe7 21. f5 (21. Qxd6 Qxd6 22. Rxd6 Nxf4 $11) 21... Bxb3 22. Bxb3 Rfd8
$11) 20. Nxf6+ (20. Nxe7+ Qxe7 21. Qxd6 Qxd6 22. Rxd6 exf4 23. Rxa6 Bxb3 (23...
b4 24. cxb4 Bxb3 25. Bxb3 Nxe4 26. Rd1 $16) 24. axb3 Re5 25. Rf1 $1 $16) 20...
Bxf6 (20... gxf6 21. f5 $18) 21. f5 Bxb3 $2 (21... Bd7 $1 22. Qxd6 Bc6 23. Qxd8
Rexd8 24. Nc5 a5 $14) 22. Bxb3 Qa5 (22... Rf8 23. Qxd6 Qa5 24. Qd2 $16) 23. Rg1
{'!' Atlas,V.} (23. Qxd6 $6 Red8 24. Qb4 Qxb4 25. cxb4 Bg5 $14) 23... Red8 (
23... d5 24. Bxd5 Be7 25. g3 b4 26. c4 $18) 24. g4 {'!' Atlas,V.} hxg3 (24...
d5 25. Bxd5 Be7 26. g5 b4 27. c4 $18) 25. Rxg3 Kf8 26. h4 $1 {The white attack
is devastating, black has no counterplay and very poor chance to survive with
his endangered king. Atlas,V: 'As we will see, the march of the h-pawn is very
important element in White's attacking concept.'} Qb6 (26... Bxh4 27. Rh3 Bf6
28. Qd5 $16) (26... d5 27. Bxd5 Bxh4 28. Rxg7 $3 Kxg7 (28... Rxd5 29. Rxf7+
Kxf7 30. Qxd5+ Kf8 31. Rg1 $18) 29. Rg1+ Kf8 (29... Kf6 30. Qh6+ Ke7 31. Rg7
$18) 30. Qh6+ Ke8 31. Bxf7+ Kd7 32. Rg7 $18) (26... Qc7 27. h5 $18) 27. h5 Qc6
28. Bd5 Qd7 29. Rdg1 Rc5 30. h6 {'!' Atlas,V.} gxh6 (30... Ke7 31. hxg7 Rg8 32.
Rh1 (32. Qh6 Qc8 33. Qh7 a5 34. Rg6 Rxd5 35. Rxf6 Rd3 36. Qh4 $18) 32... Qd8
33. Rh6 $18) 31. Qxh6+ Ke7 32. Qxf6+ $3 {Very impressive combination with
unusual mating motive.} (32. Bxf7 Rh8 {'/\' Atlas,V.} 33. Qg6 $16) ({or} 32.
Rg7 {Atlas,V would be sufficient for win, but the terrific queen sacrifice is
certainly the best continuation!}) 32... Kxf6 33. Rg6+ {'!' Atlas,V. Atlas,V:
'Well, if you would not see this brilliant strike, you would not sacrifice
your queen, would you?'} fxg6 (33... Ke7 34. f6+ Kf8 35. Rg8#) 34. Rxg6+ Ke7
35. f6+ 1-0

[Event "Bundesliga 0001"]
[Site "Germany"]
[Date "2001.03.10"]
[Round "10.8"]
[White "Bromberger, Stefan"]
[Black "Balzar, Andreas"]
[Result "1-0"]
[WhiteElo "2375"]
[BlackElo "2346"]
[Annotator "Ftacnik,L"]
[PlyCount "131"]
[EventDate "2000.10.14"]
[EventType "team-tourn"]
[EventRounds "15"]
[EventCountry "GER"]
[SourceTitle "CBM 082"]
[Source "ChessBase"]
[SourceDate "2001.05.17"]
[SourceVersion "1"]
[SourceVersionDate "2001.05.17"]
[SourceQuality "1"]
[WhiteTeam "Tegernsee"]
[BlackTeam "Baiertal/Schatthausen"]
[WhiteTeamCountry "GER"]
[BlackTeamCountry "GER"]

1. e4 c5 2. Nf3 d6 3. d4 cxd4 4. Nxd4 Nf6 5. Nc3 a6 6. Be3 e5 7. Nb3 Be6 8. f3
Nbd7 9. Qd2 b5 10. a4 b4 11. Nd5 Bxd5 12. exd5 Nb6 13. Bxb6 Qxb6 14. a5 Qb7 15.
Bc4 Be7 16. Ra4 Rb8 17. Qd3 Ra8 18. Qd2 Rb8 19. Nc1 Bd8 (19... e4 20. Na2 exf3
21. gxf3 Qd7 22. b3 Qh3 23. Rf1 Nd7 24. Nxb4 Nc5 25. Ra2 O-O 26. Kd1 {1-0
Tseshkovsky,V-Lukov,V/Sochi/1981/ (55)}) (19... O-O 20. Na2 e4 (20... Bd8 21.
Nxb4 Bxa5 22. Rxa5 Qxb4 23. Qxb4 Rxb4 24. b3 Ra8 {1/2-1/2 Svatos,J-Neuman,P/
Litomysl 1994/ (70)}) 21. Nxb4 exf3 22. gxf3 Nd7 23. Bxa6 Bh4+ 24. Kf1 Qa8 25.
Be2 Nc5 26. Ra2 {1-0 Pilarska,C-Gocheva,R/Hajduszoboszlo/1991/ (76)}) 20. Nd3 (
20. Kd1 Bxa5 21. Rxa5 Qc7 22. Rxa6 Qxc4 23. Rxd6 O-O 24. Re1 Rfc8 25. Rc6 Rxc6
26. dxc6 Qxc6 27. Rxe5 {1/2-1/2 Djurhuus,R-Sadler,M/Gausdal/1994/ (56)}) 20...
Bxa5 (20... Nxd5 21. Nxe5 dxe5 22. Qxd5 Qxd5 23. Bxd5 O-O 24. Ke2 Rc8 25. Bb3
Be7 26. Rd1 Rfd8 27. Rxd8+ Rxd8 28. Bc4 {1-0 Tiviakov,S-De Firmian,N/Polanica
Zdroj/1995/ (53)}) 21. Nc5 $6 {This new approach to the older problem is not
the best, black has enough counterplay to fight for an advantage.} (21. Rxa5
Qc7 22. Rxa6 Qxc4 23. Rxd6 O-O 24. O-O Nxd5 25. Re1 f6 26. Re4 Qb5 {1/2-1/2
Lima,D-Leitao,R/Rio de Janeiro/1997/ (39)}) 21... dxc5 22. Rxa5 O-O 23. Rxa6 (
23. O-O $5 Rfd8 24. Rd1 Rd6 $15) 23... Ra8 $6 (23... Rfd8 $1 24. d6 (24. Ra1
Rd7 25. Rd1 Rbd8 26. Qg5 h6 $17) 24... Ra8 25. Rxa8 Qxa8 26. O-O Ne8 27. Rd1
Rxd6 $17) 24. Rxa8 Rxa8 25. O-O Rd8 26. Rd1 h6 (26... Qb8 27. d6 Ne8 28. Qd5
Nxd6 29. Qxc5 Nxc4 30. Rxd8+ Qxd8 31. Qxc4 $11) 27. Qe3 Qc7 28. Re1 Re8 (28...
Nxd5 29. Qxe5 $14) 29. Qb3 Re7 (29... Qd6 30. Qa4 Rd8 31. Qc6 $11) 30. Qa4 Ne8
31. Qc6 {The ending is pretty equal, but white can believe he has slightly
better chances.} Nd6 (31... Qxc6 32. dxc6 Nd6 33. Bd5 $14) 32. Qxc7 Rxc7 33. b3
f6 (33... Nxc4 34. bxc4 f6 35. Ra1 $14) 34. Bd3 (34. Ra1 Kf7 35. Ra6 Ke7 36.
Kf2 $11) 34... Kf7 35. Ra1 f5 36. Ra6 Ke7 37. g4 fxg4 (37... g6 38. Kf2 $11)
38. fxg4 Kd7 39. Kf2 Ke7 40. Ke3 Kd7 41. h4 Ke7 42. Kf3 Kd7 43. Ra8 Ke7 44. Rg8
Kf7 (44... Kf6 45. Rd8 Ke7 $11) 45. Rb8 Ke7 46. Rb6 Rc8 47. Ra6 Rc7 48. Bh7 c4
$5 (48... g5 $11) 49. bxc4 Rxc4 50. Ra7+ Kf6 51. Rd7 Rf4+ 52. Ke2 (52. Kg3 Ne4+
53. Bxe4 Rxe4 54. Rb7 Re3+ 55. Kf2 Re4 $11) 52... Ne4 $6 {Black could have
already tried for more with well coordinated forces.} (52... Nb5 $1 53. g5+
hxg5 54. hxg5+ Kxg5 55. Rxg7+ Kf6 56. Rg6+ Kf7 57. Rg5 $15) 53. Ke3 Nf2 54.
Rd6+ Kf7 55. Bg6+ Kf8 (55... Ke7 56. Re6+ Kd7 (56... Kd8 57. Rxe5 Rxg4 58. Kxf2
Rxg6 59. Re4 Rd6 $11) 57. Rxe5 Rxg4 58. Kxf2 (58. h5 Rxg6 $1 59. hxg6 $2 (59.
Kxf2 $142 $11) 59... Ng4+ 60. Kf4 Nxe5 61. Kxe5 h5 $19) 58... Rxg6 $11) 56. Rd7
Nxg4+ 57. Ke2 Nf6 58. Rf7+ Kg8 (58... Ke8 $2 59. Rxf6+ $18) 59. d6 Rg4 (59...
Re4+ $1 60. Kf3 (60. Bxe4 Kxf7 61. Bf5 g6 62. d7 Ke7 63. Bxg6 Nxd7 $17) 60...
Rf4+ 61. Ke2 (61. Kg2 Rxh4 $19) 61... Re4+ $11) 60. h5 Nh7 $2 {[%mdl 8192]
Horrible mistake that will cost a piece, since the knight is suddenly so far
away from the white's passed d pawn.} (60... Re4+ $1 61. Kf3 Rf4+ 62. Kg2 Nxh5
63. d7 Rg4+ 64. Kf2 Rxg6 65. Rxg7+ Kxg7 66. d8=Q $13) 61. d7 Rd4 62. Re7 Nf8
63. Bf5 Nxd7 (63... g5 64. Re8 $18) 64. Rxd7 Rf4 (64... Rxd7 65. Bxd7 Kf7 66.
Bf5 $18) 65. Bg6 Kf8 66. Rb7 1-0

[Event "Sanjin Hotel Cup 2nd"]
[Site "Tiayuan"]
[Date "2005.07.20"]
[Round "11"]
[White "Motylev, Alexander"]
[Black "Bu, Xiangzhi"]
[Result "0-1"]
[WhiteElo "2675"]
[BlackElo "2632"]
[Annotator "Ftacnik,L"]
[PlyCount "68"]
[EventDate "2005.07.09"]
[EventType "tourn"]
[EventRounds "11"]
[EventCountry "CHN"]
[EventCategory "15"]
[SourceTitle "CBM 108"]
[Source "ChessBase"]
[SourceDate "2005.09.26"]
[SourceVersion "1"]
[SourceVersionDate "2005.09.26"]
[SourceQuality "1"]

1. e4 c5 2. Nf3 d6 3. d4 cxd4 4. Nxd4 Nf6 5. Nc3 a6 6. f3 e5 7. Nb3 Be6 8. Be3
Nbd7 9. g4 b5 10. g5 b4 11. Ne2 Nh5 12. Qd2 Be7 13. Ng3 Nf4 14. h4 h6 15. Bxf4
exf4 16. Nh5 Bxb3 17. axb3 Kf8 $5 {Interesting retreat of the king. Black
solves the problem of the centralized monarch and hopes to save the tempo
later in the game.} 18. Nxf4 (18. g6 Ne5 19. O-O-O Nxg6 20. Nxf4 Nxh4 21. Bc4
Bg5 22. Kb1 Nxf3 23. Qf2 Bxf4 24. Qxf3 g5 25. e5 Ra7 26. Rxd6 Qe7 27. Qh5 Bxe5
28. Rxh6 Rxh6 29. Qxh6+ Bg7 {0-1 Birmingham,E-Renet,J/Epinal 1986/ (42)}) 18...
hxg5 19. Nd5 g4 $1 (19... gxh4 20. Qxb4 Nf6 $16) 20. f4 (20. fxg4 Bxh4+ 21. Kd1
a5 $11) 20... Bxh4+ (20... Rxh4 $5 21. Rg1 Nf6 22. Qd4 (22. Qxb4 Nxd5 23. exd5
a5 $15) 22... Rh2 23. Nxb4 Qc8 $15) 21. Kd1 Nf6 (21... a5 22. Bc4 $14) 22. Qxb4
Nxd5 23. exd5 a5 24. Qd4 {The chances are about equal since both sides enjoy
pawn majority on the opposite flanks.} (24. Qd2 Qb6 25. Bd3 Rh6 $11) 24... Rh6
25. c3 (25. Be2 f5 26. c3 Bf6 27. Qg1 $11) 25... Bf6 26. Qg1 Qd7 27. Be2 $6 (
27. Bd3 Rh3 28. Kc2 a4 (28... Rxd3 $2 29. Rh8+ Ke7 30. Re1+ Be5 31. Rxa8 Qf5
32. Rxe5+ dxe5 33. Qc5+ $18) 29. b4 $11) 27... Rh3 $1 (27... Qf5 28. Rxh6 gxh6
29. Qxg4 Qxd5+ 30. Kc2 $11) 28. Bf1 (28. Rh2 Qf5 29. Bxg4 Qxd5+ 30. Kc1 Rxh2
31. Qxh2 Kg8 $15) 28... Qf5 $1 29. Bxh3 $2 {Motylev has completely lost the
feeling of danger. After the demise of the black rook his opponent will still
have enough firepower to finish white king.} (29. Rxh3 gxh3 30. Qh1 Rb8 31.
Qxh3 Qxd5+ 32. Bd3 Qxb3+ 33. Bc2 Qb6 34. Rxa5 g6 $17) 29... Qd3+ 30. Kc1 (30.
Ke1 $2 Re8+ 31. Kf2 Qf3#) 30... Bxc3 $1 31. Qd1 Bd2+ 32. Qxd2 Rc8+ 33. Kd1 Qf3+
34. Qe2 Qxd5+ 0-1

[Event "EU-chT (Men) 15th"]
[Site "Gothenburg"]
[Date "2005.08.01"]
[Round "3.4"]
[White "Parligras, Mircea Emilian"]
[Black "Hansen, Sune Berg"]
[Result "1-0"]
[WhiteElo "2571"]
[BlackElo "2568"]
[Annotator "Ftacnik,L"]
[PlyCount "65"]
[EventDate "2005.07.30"]
[EventType "team-swiss"]
[EventRounds "9"]
[EventCountry "SWE"]
[SourceTitle "CBM 109"]
[Source "ChessBase"]
[SourceDate "2005.11.14"]
[SourceVersion "1"]
[SourceVersionDate "2005.11.14"]
[SourceQuality "1"]
[WhiteTeam "Romania"]
[BlackTeam "Denmark"]
[WhiteTeamCountry "ROU"]
[BlackTeamCountry "DEN"]

1. e4 c5 2. Nf3 d6 3. d4 cxd4 4. Nxd4 Nf6 5. Nc3 a6 6. f3 e5 7. Nb3 Be6 8. Be3
Be7 9. Qd2 O-O 10. O-O-O Nbd7 11. g4 b5 12. g5 b4 13. Ne2 Ne8 14. Ng3 a5 15.
Kb1 Nc7 16. f4 a4 17. Nc1 exf4 18. Bxf4 b3 19. Nf5 Nd5 $5 {[%mdl 4] Slightly
artificial route for the knight from g8-f6-e8-c7-d5 to e7 is quite efficient.
Black sacrifices the pawn, but hopes to get the counterplay.} (19... bxc2+ 20.
Qxc2 Bxf5 21. exf5 Nc5 22. f6 gxf6 23. gxf6 Bxf6 24. Rxd6 Qe7 25. Rg1+ Kh8 26.
Qxc5 Rab8 27. Nd3 Rb5 28. Qc6 Bg7 29. Rxg7 {1-0 Lukin,A-Shashin,A/Leningrad
1975/}) 20. Nxe7+ Nxe7 21. Bxd6 bxa2+ (21... Re8 22. h4 Qb6 23. cxb3 axb3 24.
a3 Ra4 25. Bh3 Rxe4 26. Bxe6 Rxe6 27. Rhe1 Nd5 28. Bg3 Rxe1 29. Rxe1 Qg6+ 30.
Ka1 Rxe1 31. Bxe1 Qe4 32. Nxb3 {1-0 Inarkiev,E (2618)-Loginov,V (2527)/Kazan
2005/ (57)}) 22. Nxa2 Re8 23. h4 (23. Nc3 Nc6 24. Bb5 $14) 23... Nc6 (23... Bg4
$5 24. Re1 (24. Be2 Bxe2 25. Qxe2 Qb6 26. Ba3 Ne5 $132) 24... Ne5 $11) 24. h5
Ra5 $6 {The rook will remain exposed and the idea does little to prevent the
advance of white kingside pawns.} (24... Bg4 25. g6 Nde5 26. gxh7+ Kxh7 27. h6
g6 28. Be2 $16) 25. g6 $1 fxg6 (25... Qb6 26. gxh7+ Kxh7 27. h6 g6 28. Nb4 $16)
26. hxg6 hxg6 (26... h6 27. Nb4 Nde5 28. Nxc6 Nxc6 29. Qc3 Qb6 30. Bc4 $18) 27.
Nb4 $1 Ndb8 (27... Nxb4 28. Qxb4 Qa8 29. Bc4 Rh5 30. Bb5 Rc8 31. Qxa4 $18) 28.
Nd5 $5 {Parligras has made a great deal of work with his knight, Hansen is
unable to tame it without outright exchange on d5.} Bxd5 (28... Qxd6 29. Nf6+
gxf6 30. Qxd6 $18) (28... a3 29. Bxa3 Bxd5 30. exd5 Ne5 31. Qc3 $18) 29. exd5
Qxd6 (29... Ne7 30. Bxb8 a3 31. Bc4 $18) 30. dxc6 Qxd2 (30... Qxc6 31. Qxa5
Qxh1 32. Bc4+ $18) 31. Bc4+ Kf8 (31... Qd5 32. Rxd5 Rxd5 33. Bxd5+ Kf8 34. Rh8+
Ke7 35. Rxe8+ Kxe8 36. c7 $18) 32. Rxd2 Nxc6 (32... Rh5 33. Rf2+ Ke7 34. Re1+
$18) 33. Rd7 $1 (33. Rd7 $1 Ne7 34. Rh8+ Ng8 35. Rxg8#) 1-0

[Event "Mondariz zt 1.1"]
[Site "Mondariz"]
[Date "2000.09.04"]
[Round "2"]
[White "Lautier, Joel"]
[Black "Fressinet, Laurent"]
[Result "1-0"]
[WhiteElo "2648"]
[BlackElo "2536"]
[Annotator "Ftacnik,L"]
[PlyCount "99"]
[EventDate "2000.09.03"]
[EventType "swiss"]
[EventRounds "11"]
[EventCountry "ESP"]
[SourceTitle "CBM 079"]
[Source "ChessBase"]
[SourceDate "2000.11.21"]
[SourceVersion "1"]
[SourceVersionDate "2000.11.21"]
[SourceQuality "1"]

1. e4 c5 2. Nf3 d6 3. d4 cxd4 4. Nxd4 Nf6 5. Nc3 a6 6. f3 e5 7. Nb3 Be6 8. Be3
Nbd7 9. g4 b5 10. g5 Nh5 11. Nd5 Be7 12. Nxe7 Qxe7 13. Na5 Nc5 14. Qd2 Rc8 (
14... Qc7 $5) 15. Rd1 $1 {Both players have to fight hard, since black misses
e7 bishop and white king is far from safe in the center.} (15. O-O-O Qc7 $13)
15... Na4 16. c4 (16. Qxd6 $5 Nxb2 (16... Rxc2 17. Qxa6 O-O 18. Nc6 Qe8 19.
Bxb5 $16) 17. Nc6 Qxd6 (17... Qd7 18. Nxe5 Qxd6 19. Rxd6 Rxc2 20. Rxa6 O-O 21.
Bxb5 Rb8 22. a4 Nxa4 $140 $2 23. Nc6 $1 $18) 18. Rxd6 Bxa2 19. Bh3 Be6 $1 (
19... Ra8 20. Bd7+ Kf8 21. Bc5 $16) 20. Bxe6 fxe6 21. Nxe5 O-O 22. Rxa6 Rxc2
23. Rxe6 Nc4 $14) 16... bxc4 17. Qb4 Nc5 (17... Qd7 18. b3 Nc5 (18... cxb3 19.
Bxa6 $1 O-O 20. Bxc8 Rxc8 21. Rxd6 bxa2 22. Rxd7 a1=Q+ 23. Rd1 $18) 19. Nxc4 $1
(19. Bxc5 dxc5 (19... Rxc5 20. Nb7 $18) 20. Qc3 Qc7 21. Nxc4 Bxc4 22. Bxc4 $14)
19... Bxc4 20. Qxc4 $16) 18. Nxc4 Bxc4 (18... d5 19. Nxe5 $1) 19. Bxc4 (19.
Qxc4 O-O 20. Qd5 Rfd8 21. b3 Ne6) 19... O-O 20. O-O Kh8 (20... Nf4 $1 21. Bxf4
exf4 22. Rd5 (22. Kh1 a5 $1 (22... Qxg5 23. Rxd6 $14) (22... Nxe4 23. Bxa6 Ra8
24. Qb7 Ng3+ 25. hxg3 Qxg5 26. Qb5 Qxg3 27. Rd2 $16) 23. Qxa5 Nxe4 $11) 22...
a5 23. Qe1 (23. Qxa5 Nxe4 24. b3 Rc5 25. Rxc5 Nxc5 $13) 23... Na4 24. b3 Nb6
$11) 21. Qd2 $2 (21. b3 Nf4 22. Bxf4 exf4 23. Rd5 $13) 21... Rcd8 $2 {Both
players have missed the equalizing possibility for black, Fressinet now plays
with a handicap of knights against strong bishops.} (21... Nxe4 22. fxe4 Rxc4
23. Qxd6 Qxd6 24. Rxd6 Rxe4 25. Rxf7 Rc8 26. Rc6 Kg8 27. Rxc8+ Kxf7 28. Kf2 Rh4
$11) 22. Kh1 Ne6 23. Bxa6 Nhf4 24. Bc4 Qxg5 25. a4 Qg6 (25... Qh5 26. a5 f5 27.
Bxe6 Nxe6 28. a6 $16) 26. a5 f5 27. Bd5 fxe4 (27... Nxd5 28. exd5 $16) 28. Bxe4
Qh5 29. Bb6 Rd7 30. Bc6 Rdf7 31. a6 $1 (31. Qxd6 Nd4 32. Bxd4 exd4 33. a6 Rf6
$132) 31... Nd4 32. Bxd4 exd4 33. Qxd4 Qg5 34. Qg1 (34. Rd2 Qa5 35. Bb7 $16) (
34. Rg1 Qa5 35. Ra1 Qc7 36. Bb5 $16) 34... Qa5 35. Ra1 Qc7 36. Bb7 d5 37. Ra3 (
37. Qd4 Qc2 38. Rf2 $16) 37... Rf6 38. Rc1 Qd7 39. Qg4 $2 (39. Qc5 $1 Qh3 40.
Rg1 $18) 39... Qb5 40. a7 h5 $1 (40... Qxb7 41. a8=Q Rxa8 42. Rxa8+ Qxa8 43.
Rc8+ $18) (40... Qxb2 $2 41. Rg1 Rh6 42. Qxf4 Qxa3 43. Qxf8+ Qxf8 44. a8=Q $18)
41. Qg1 Qxb7 $2 {Black did not have realized his great chance to benefit from
the inaccurate white move 39.Qg4?} (41... Rg6 42. Qd4 (42. Qc5 $2 Qxc5 43. Rxc5
Nh3 $19) 42... Qe2 (42... Qxb7 43. a8=Q Rxa8 44. Rxa8+ Qxa8 45. Qxf4 $11) 43.
Rg1 Rxg1+ 44. Qxg1 Nd3 45. Bxd5 Nf2+ 46. Kg2 Nd3+ 47. Kh1 $11 (47. Kg3 Qe5+ $19
)) 42. a8=Q (42. Rc7 $2 Qxc7 43. a8=Q Nh3 $1 44. Qaa7 (44. Qb1 Rxf3 $17) 44...
Rg6 45. Qxg6 (45. Qf1 Qxa7 46. Rxa7 Rxf3 $19) 45... Qc1+ 46. Qag1 Nxg1 47. Qxg1
Qxb2 $17) 42... Rxa8 43. Rc7 Qxc7 44. Rxa8+ Kh7 45. Ra7 Qxa7 46. Qxa7 Re6 (
46... h4 $1 47. Qe7 Kh6 48. Qd8 $1 $16) 47. h4 Re2 48. Qd4 Ng6 49. b4 $1 (49.
Qxd5 Re1+ 50. Kh2 Nxh4 51. Qxh5+ Kg8 52. Kg3 (52. Qxh4 Re2+ 53. Kg3 Rxb2) 52...
Ng6 $16) 49... Ne5 50. Qxd5 1-0

[Event "Olympiad-34"]
[Site "Istanbul"]
[Date "2000.11.06"]
[Round "9.3"]
[White "Klovans, Janis"]
[Black "Nikolaidis, Ioannis"]
[Result "0-1"]
[WhiteElo "2481"]
[BlackElo "2512"]
[Annotator "Ftacnik,L"]
[PlyCount "88"]
[EventDate "2000.10.28"]
[EventType "team-swiss"]
[EventRounds "14"]
[EventCountry "TUR"]
[SourceTitle "EXT 2001"]
[Source "ChessBase"]
[SourceDate "2000.11.22"]
[SourceVersion "1"]
[SourceVersionDate "2000.11.22"]
[SourceQuality "1"]
[WhiteTeam "Latvia"]
[BlackTeam "Greece"]
[WhiteTeamCountry "LAT"]
[BlackTeamCountry "GRE"]

1. e4 c5 2. Nf3 d6 3. d4 Nf6 4. Nc3 cxd4 5. Nxd4 a6 6. Be3 e5 7. Nb3 Be6 8. f3
h5 9. Qd2 Nbd7 10. O-O-O Rc8 11. Kb1 Be7 12. Nd5 Bxd5 13. exd5 Nb6 14. Qa5 Nc4
15. Bxc4 Rxc4 16. Qxd8+ Bxd8 17. Nd2 Rc8 18. c4 b5 19. Rc1 (19. cxb5 axb5 20.
a3 (20. Ne4 Nxe4 21. fxe4 Rc4 $17) 20... Kd7 $15) 19... Kd7 {[%mdl 4096] The
endgame is fine for black, since his central pawns are well defended and he
can play actively on all parts of the board.} 20. Rhd1 (20. b3 bxc4 21. bxc4
Rb8+ 22. Kc2 Bb6 $15) 20... Re8 21. Bg5 (21. a3 e4 22. fxe4 Nxe4 23. cxb5 Rxc1+
24. Kxc1 axb5 25. Nxe4 Rxe4 26. Rd3 f5 27. Kd2 $11) 21... Ba5 (21... Nxd5 22.
Bxd8 Ne3 23. Ba5 Nxd1 24. Rxd1 f5 $13) 22. Bxf6 Bxd2 23. Rxd2 gxf6 24. Rdc2 (
24. cxb5 Rxc1+ 25. Kxc1 axb5 $11) 24... f5 25. cxb5 Rxc2 26. Kxc2 (26. Rxc2
axb5 27. Rc6 e4 28. f4 h4 $15) 26... axb5 27. Kd3 Ra8 28. a3 Ra4 29. Ke2 (29.
Rc6 Rd4+ 30. Ke2 Rxd5 $17) 29... f4 30. Rc3 Rd4 31. Rd3 Rc4 (31... Rxd3 32.
Kxd3 f5 $17) 32. Kd2 f5 33. g3 e4 $1 {In order to win the endgame black needs
to improve his fine position.} (33... fxg3 34. hxg3 f4 35. gxf4 Rxf4 36. Ke3
$15) 34. Rb3 (34. fxe4 fxe4 35. Rb3 Rd4+ 36. Ke2 (36. Ke1 fxg3 37. hxg3 Rxd5
38. Rb4 Re5 $19) 36... f3+ 37. Ke3 Rd1 $19) 34... e3+ 35. Kd1 (35. Kd3 Rd4+ $1
36. Ke2 (36. Kxd4 e2 $19) 36... Rd2+ 37. Ke1 fxg3 38. hxg3 f4 39. gxf4 Rxd5 40.
Rxe3 h4 $15) 35... fxg3 36. hxg3 f4 $1 37. gxf4 h4 38. Rxb5 $2 {Wrong decision
in the critical moment, white will lose the rook.} (38. Rxe3 Rd4+ (38... h3 39.
f5 h2 40. Re1) 39. Ke2 Rxd5 $15) 38... h3 39. Rb7+ Rc7 40. Rb8 Rc8 41. Rb7+ Rc7
42. Rb8 e2+ $1 43. Kxe2 h2 44. Rh8 Rc1 $1 (44... Rc1 $1 45. Rh7+ Ke8 46. Rh8+
Ke7 $19) 0-1

[Event "Olympiad-34"]
[Site "Istanbul"]
[Date "2000.11.06"]
[Round "9.3"]
[White "Polgar, Judit"]
[Black "Fressinet, Laurent"]
[Result "1-0"]
[WhiteElo "2656"]
[BlackElo "2536"]
[Annotator "Ftacnik,L"]
[PlyCount "59"]
[EventDate "2000.10.28"]
[EventType "team-swiss"]
[EventRounds "14"]
[EventCountry "TUR"]
[SourceTitle "EXT 2001"]
[Source "ChessBase"]
[SourceDate "2000.11.22"]
[SourceVersion "1"]
[SourceVersionDate "2000.11.22"]
[SourceQuality "1"]
[WhiteTeam "Hungary"]
[BlackTeam "France"]
[WhiteTeamCountry "HUN"]
[BlackTeamCountry "FRA"]

1. e4 c5 2. Nf3 d6 3. d4 cxd4 4. Nxd4 Nf6 5. Nc3 a6 6. f3 e5 7. Nb3 Be6 8. Be3
Nbd7 9. g4 b5 10. g5 Nh5 11. Qd2 Be7 12. O-O-O Nb6 13. Nd5 Bxd5 14. exd5 Rc8
15. Na5 Nxd5 16. Qxd5 Qxa5 17. Bh3 Rc4 18. Bg4 Nf4 (18... g6 $5 19. Bxh5 (19.
Qa8+ Bd8 20. Rxd6 O-O 21. Qxa6 Qc7 22. Rd2 Ra4 23. Qxb5 Rxa2 24. Kb1 Ra5 $15)
19... gxh5 20. Qa8+ Qd8 $1 (20... Bd8 21. Rxd6 O-O 22. Qxa6 Qc7 23. Rd2 $14)
21. Qxa6 O-O 22. Qxb5 Qc7 $40) 19. Bxf4 Rxf4 (19... exf4 20. Rhe1 $16) 20. Qc6+
Kf8 21. Rxd6 $1 {[%mdl 128] Fine attacking idea, black king suffers in his
insecure retreat.} g6 (21... Bxd6 22. Qxd6+ Ke8 23. Bd7+ Kd8 24. Bc6+ $18) 22.
Qc5 $1 Kg8 (22... Qb4 23. Qxe5 f6 24. Rxf6+ Bxf6 25. gxf6 $18) 23. Qxe5 Bxd6
24. Qxd6 Rc4 (24... Qxa2 25. Re1 $1 h5 26. Qxf4 hxg4 27. Re7 $1 $16) 25. Qb8+
Kg7 26. Qe5+ Kg8 27. Qf6 Qc7 (27... Qxa2 28. Rd1 $18) 28. Re1 Qc6 (28... Rxc2+
29. Kb1 Qc6 30. Rd1 Qxf6 31. gxf6 h5 32. Rd8+ Kh7 33. Rxh8+ Kxh8 34. Kxc2 $18)
29. Be6 $1 {In the hands of a strong player even creative attack looks fairly
accesible.} fxe6 (29... Rxc2+ 30. Kb1 Rc1+ (30... Rxb2+ 31. Kxb2 fxe6 32. Rd1)
(30... fxe6 31. Qd8+ Kg7 32. Qe7+ Kg8 33. Rd1 $18) 31. Rxc1 Qxe6 32. Qxe6 fxe6
33. Rc8+ Kg7 34. Rxh8 Kxh8 35. Kc2 $18) 30. Rd1 (30. Rd1 Rxc2+ 31. Kb1 Rc1+ 32.
Rxc1 Qd7 33. Re1 $16) 1-0